Central Library OPAC University of Rajshahi

Tropic of Cancer / (Record no. 21305)

MARC details
000 -LEADER
fixed length control field 00931cam a2200313 a 4500
001 - CONTROL NUMBER
control field 21305
003 - CONTROL NUMBER IDENTIFIER
rucl marc code BD-RjUL
005 - DATE AND TIME OF LATEST TRANSACTION
control field 20211209000654.0
008 - FIXED-LENGTH DATA ELEMENTS--GENERAL INFORMATION
fixed length control field 140304s1934 enk 000 1 eng
035 ## - SYSTEM CONTROL NUMBER
System control number (BD-RjUL)21369
System control number (OCoLC)9798986
System control number (NNC)9005188
040 ## - CATALOGING SOURCE
Original cataloging agency DLC
Transcribing agency DLC
Modifying agency OCLCQ
-- OCLCG
-- NNC
Language of cataloging eng
041 ## - LANGUAGE CODE
Language code of text/sound track or separate title eng
082 00 - DEWEY DECIMAL CLASSIFICATION NUMBER
Classification number 813.52
Edition number 19
Author mark and year MIT 1934
100 1# - MAIN ENTRY--PERSONAL NAME
Personal name Miller, Henry,
Dates associated with a name 1891-1980.
9 (RLIN) 56348
245 10 - TITLE STATEMENT
Title Tropic of Cancer /
Statement of responsibility, etc. Henry Miller.
260 ## - PUBLICATION, DISTRIBUTION, ETC. (IMPRINT)
Place of publication, distribution, etc. London :
Name of publisher, distributor, etc. John calder,
Date of publication, distribution, etc. c1934.
300 ## - PHYSICAL DESCRIPTION
Pagination 322 p. ;
Size 21 cm.
650 #0 - SUBJECT ADDED ENTRY--TOPICAL TERM
Topical term or geographic name as entry element Americans
Geographic subdivision France
Form subdivision Fiction.
9 (RLIN) 65878
Topical term or geographic name as entry element Bohemianism
Form subdivision Fiction.
9 (RLIN) 65879
Topical term or geographic name as entry element Sex customs
Form subdivision Fiction.
9 (RLIN) 65880
Topical term or geographic name as entry element Authorship
Form subdivision Fiction.
9 (RLIN) 42428
651 #0 - SUBJECT ADDED ENTRY--GEOGRAPHIC NAME
Geographic name Paris (France)
Form subdivision Fiction.
9 (RLIN) 65881
942 ## - ADDED ENTRY ELEMENTS (KOHA)
Source of classification or shelving scheme Dewey Decimal Classification
Koha item type Books
Holdings
Lost status Source of classification or shelving scheme Damaged status Not for loan Collection code Permanent Location Current Location Shelving location Date acquired Source of acquisition Cost, normal purchase price Total Checkouts Full call number Date last seen Copy number Koha item type
  Dewey Decimal Classification   Added to bundle Fiction Central Library, University of Rajshahi Central Library, University of Rajshahi Reading Room 03/05/1964 Zeitlinger 25.00   813.52 MIT 1934 04/03/2014 C-1 Books